| Поле | Название | Значение |
| |
Тип записи |
a |
| |
Библиографический уровень |
m |
| 001 |
Контрольный номер |
admiBOOK00016049 |
| 005 |
Дата корректировки |
20140508173836.6 |
| 010 |
Индекс ISBN |
__ |
| a |
ISBN |
5-94280-207-6 |
| d |
Цена |
280.00 |
| 100 |
Данные общей обработки |
__ |
| a |
Данные общей обработки |
19020202 |||y0 y0189 ca |
| 101 |
Язык документа |
__ |
| a |
Язык текста |
rus |
| 105 |
Кодированные данные (монография) |
__ |
| a |
Кодированные данные (монография) |
zy |
| 200 |
Заглавие и сведения об ответственности |
0_ |
| a |
Заглавие |
Аудит и контроллинг персонала |
| e |
Сведения, относящиеся к заглавию |
Учебник |
| f |
Первые сведения об ответственности |
Ю.Г.Одегов, Т.В.Никонова |
| 210 |
Выходные данные |
__ |
| a |
Место издания |
М |
| c |
Издательство |
Альфа-Пресс |
| d |
Дата издания |
2006 |
| 215 |
Физическое описание |
__ |
| a |
Объем |
560с. |
| 606 |
Тематические рубрики |
__ |
| a |
Основная рубрика |
Аудит |
| x |
Основная подрубрика |
Экономика труда |
| x |
Основная подрубрика |
Трудовые ресурсы |
| 610 |
Ключевые слова |
__ |
| a |
Ключевые слова |
Аудит персонала |
| a |
Ключевые слова |
Классификация аудиторской деятельности |
| a |
Ключевые слова |
Направления аудита |
| a |
Ключевые слова |
Контроллинг персонала |
| a |
Ключевые слова |
Управленческий аудит |
| a |
Ключевые слова |
Организационные основы управленческого аудита |
| a |
Ключевые слова |
Процесс управленческого аудита |
| a |
Ключевые слова |
Анализ информации |
| a |
Ключевые слова |
Аудиторское заключение |
| a |
Ключевые слова |
Методология аудита персонала |
| a |
Ключевые слова |
Персонал |
| a |
Ключевые слова |
Кадровая политика организации |
| a |
Ключевые слова |
Философия аудита персонала |
| a |
Ключевые слова |
Уровни проведения аудита персонала |
| a |
Ключевые слова |
Инструментарий проведения аудита персонала |
| a |
Ключевые слова |
Последовательность проведения аудита персонала |
| a |
Ключевые слова |
Практическая работа аудитора по персоналу |
| a |
Ключевые слова |
Анализ трудовых показателей |
| a |
Ключевые слова |
Аудит рабочих мест |
| a |
Ключевые слова |
Аудит найма |
| a |
Ключевые слова |
Аудит увольнений |
| a |
Ключевые слова |
Аудит вознаграждений |
| a |
Ключевые слова |
Аудит условий труда, безопасности и здоровья |
| a |
Ключевые слова |
Аудит интеллектуального капитала |
| a |
Ключевые слова |
Аудит работы служб управления персоналом |
| a |
Ключевые слова |
Контроллинг системы управления персоналом организации |
| a |
Ключевые слова |
Затраты на персонал |
| a |
Ключевые слова |
Контроллинг издержек на персонал |
| 675 |
Индекс УДК |
__ |
| a |
Индекс УДК |
005.95 |
| 686 |
Индексы других классификаций |
__ |
| a |
Классификационный индекс |
65.053 |
| a |
Классификационный индекс |
65.240 |
| 700 |
Автор |
_1 |
| a |
Фамилия |
Одегов |
| b |
Имя |
Ю.Г. |
| 701 |
Альтернативная интеллектуальная ответственность |
_1 |
| a |
Фамилия |
Никонова Т.В. |
| 852 |
Данные о местонахождении |
__ |
| c |
Местонахождение стеллажа |
65.053 |
| c |
Местонахождение стеллажа |
65.240 |
| j |
Шифр хранения |
65.053 |
| 852 |
Данные о местонахождении |
__ |
| b |
Сигла хранения |
ЧЗ_1 |
| t |
Номер экземпляра |
1 |
| i |
Авторский знак |
О41 |
| p |
Инвентарный номер |
141444 |
| 901 |
Тип документа |
__ |
| t |
Тип документа |
m |
| 911 |
|
__ |
| u |
|
952a=Учебное пособие |
| u |
|
952p=1758 |
| 938 |
Служебная информация |
__ |
| a |
Название организации |
Саранский филиал |
| b |
Имя БД |
OUTPUT.MRC_Саранск |
| c |
Название АИБС |
АИБС Библиотека |